Взгляд в будущее. № 5 [1]: IV Региональный Инфофорум - практическая конференция "Безопасность граждан России в информационном мире" ; I Региональная конференция краеведческих проектов "Это наша с тобой биография" (Запись № 11219605)
[ простой вид ]
| 000 -МАРКЕР | |
|---|---|
| контрольное поле | 01917nam2a2200253 4500 |
| 001 - ИДЕНТИФИКАТОР ЗАПИСИ | |
| контрольное поле | RU\NLR\BIBL_A\012281215 |
| 005 - ИДЕНТИФИКАТОР ВЕРСИИ | |
| контрольное поле | 20250624005414.0 |
| 035 ## - ДРУГИЕ СИСТЕМНЫЕ НОМЕРА | |
| Идентификатор записи | (NLR Aleph) 012281215 |
| 100 ## - ДАННЫЕ ОБЩЕЙ ОБРАБОТКИ | |
| Данные общей обработки | 20200626d2019 |||y0rusy50 ca |
| 101 0# - ЯЗЫК РЕСУРСА | |
| Язык текста, звукозаписи и т.д. | русский |
| 102 ## - СТРАНА ПУБЛИКАЦИИ ИЛИ ПРОИЗВОДСТВА | |
| Страна публикации | Российская Федерация |
| 200 1# - ЗАГЛАВИЕ И СВЕДЕНИЯ ОБ ОТВЕТСТВЕННОСТИ | |
| Основное заглавие | IV Региональный Инфофорум - практическая конференция "Безопасность граждан России в информационном мире" ; I Региональная конференция краеведческих проектов "Это наша с тобой биография" |
| 210 ## - ПУБЛИКАЦИЯ, РАСПРОСТРАНЕНИЕ И ДР. | |
| Дата издания, распространения и т.д. | 2019 |
| Место издания, распространения и т.д. | Б. м. |
| 461 #0 - УРОВЕНЬ НАБОРА | |
| Встроенное поле | 001RU\NLR\BIBL_A\011363927 |
| -- | 2001#$aВзгляд в будущее$eнаучный журнал$fОбл. бюджет. проф. образоват. учреждение "Кур. техникум связи"$v№ 5 [1] |
| Системный номер (АБИС) связанной записи | 11313722 |
| Место публикации | Курск |
| Дата публикации | 2017 - |
| Первые сведения об ответственности | Обл. бюджет. проф. образоват. учреждение "Кур. техникум связи" |
| Имя издателя, распространителя и т.д. | ОБПОУ "КТС" |
| Сведения, относящиеся к заглавию | научный журнал |
| Заглавие | Взгляд в будущее |
| Номер тома | № 5 [1] |
| 517 1# - ДРУГИЕ ВАРИАНТЫ ЗАГЛАВИЯ | |
| Вариант заглавия | I Региональная конференция краеведческих проектов "Это наша с тобой биография" |
| 710 12 - НАИМЕНОВАНИЕ ОРГАНИЗАЦИИ - ПЕРВИЧНАЯ ОТВЕТСТВЕННОСТЬ | |
| Начальный элемент ввода | "Безопасность граждан России в информационном мире", региональный инфофорум |
| Порядковый номер временной организации и / или порядковый номер ее части | 4 |
| Место проведения временной организации | Курск |
| Дата проведения временной организации | 2019 |
| Системный номер авторитетной/нормативной записи | 704998 |
| Идентификатор авторитетной/нормативной записи | RU\NLR\AUTH\880521963 |
| 711 12 - НАИМЕНОВАНИЕ ОРГАНИЗАЦИИ - АЛЬТЕРНАТИВНАЯ ОТВЕТСТВЕННОСТЬ | |
| Начальный элемент ввода | "Это наша с тобой биография", региональная конференция краеведческих проектов |
| Порядковый номер временной организации и / или порядковый номер ее части | 1 |
| Место проведения временной организации | Курск |
| Дата проведения временной организации | 2019 |
| Системный номер авторитетной/нормативной записи | 705001 |
| Идентификатор авторитетной/нормативной записи | RU\NLR\AUTH\880521965 |
| 852 ## - МЕСТОНАХОЖДЕНИЕ И ШИФР ХРАНЕНИЯ | |
| Идентификатор организации | NLR |
| Шифр хранения (Call Number) | П10/7782 |
| 942 ## - ДОПОЛНИТЕЛЬНЫЕ ЭЛЕМЕНТЫ ЗАПИСИ (АБИС) | |
| Тип экземпляра АБИС | Выпуск |
| 980 ## - КОЛЛЕКЦИЯ | |
| Название коллекции | Национальная библиография |
| 980 ## - КОЛЛЕКЦИЯ | |
| Название коллекции | Русская периодика |
Нет доступных экземпляров.